banner koha

The registration of the usage of medicinal plants on e-SUS program: a case study in a city in the upper Jequitinhonha Valley (Registro n. 337710)

MARC details
000 -LÍDER
fixed length control field 04056nab a2200337 i 4500
003 - CÓDIGO MARC DA AGÊNCIA CATALOGADORA
Campo de controle BR-BrBNA
005 - DATA E HORA DA ÚLTIMA ATUALIZAÇÃO
Campo de controle 20250820164332.0
008 - CAMPO DE TAMANHO FIXO
fixed length control field 250820b2020 bl.ar|pooa||| 00| 0 eng |
040 ## - FONTE DA CATALOGAÇÃO
Agência catalogadora BR-BrBNA
Idioma da catalogação eng
072 ## - CATEGORIA AGRIS
Código AGRIS F70
072 ## - CATEGORIA AGRIS
Código AGRIS C30
100 ## - ENTRADA PRINCIPAL - NOME PESSOAL
Nome pessoal Matos, Nadaby de Oliveira
100 ## - ENTRADA PRINCIPAL - NOME PESSOAL
Nome pessoal Freitas, Daniel Almeida
100 ## - ENTRADA PRINCIPAL - NOME PESSOAL
Nome pessoal Ottoni, Marcelo Henrique Fernandes
100 ## - ENTRADA PRINCIPAL - NOME PESSOAL
Nome pessoal Caldeira, Ana Luísa de Paulo
100 ## - ENTRADA PRINCIPAL - NOME PESSOAL
Nome pessoal Souza, Valéria Cristina Pereira
100 ## - ENTRADA PRINCIPAL - NOME PESSOAL
Nome pessoal Meireles, Agnes Batista
100 ## - ENTRADA PRINCIPAL - NOME PESSOAL
Nome pessoal Brito-Melo, Gustavo Eustáquio Alvim
100 ## - ENTRADA PRINCIPAL - NOME PESSOAL
Nome pessoal Freitas, Bethânia Alves de Avelar
245 ## - TÍTULO PRINCIPAL
Título principal The registration of the usage of medicinal plants on e-SUS program: a case study in a city in the upper Jequitinhonha Valley
500 ## - NOTA GERAL
Nota geral Publicação on-line; 25 ref.; 2 tables; Summaries (En, Pt)
942 ## - ADDED ENTRY ELEMENTS (KOHA)
Koha item type Analítica
520 ## - NOTA DE RESUMO
Nota de conteúdo <br/><br/>Abstract<br/><br/>The e-SUS is a software used to computerize the health work process in Brazil. Among the population registration<br/>data is the record about the use of medicinal plants in Primary Health Care (AB). Thus, our objective was to<br/>analyze the records of the e-SUS in a Basic Health Unit (UBS) in the Jequitinhonha Valley and conduct a survey<br/>with individuals from the same UBS, where they were asked about the use of medicinal plants. The hypothesis of<br/>the study is that although the registration is relevant, the software data underestimate the reality about medicinal<br/>plants use. In a survey with 77 users of an UBS randomly selected, 93.5% reported using medicinal plants, while<br/>in e-SUS reports only 0.8% of the individuals from the same UBS use medicinal plants. Therefore, the recorded<br/>data cannot yet be used to develop medicinal plant policies in the AB. Reliable record of medicinal plant use in<br/>e-SUS is still a challenge. It is important to make professionals aware of the benefits of correctly completing the<br/>forms for the development of public policies that include what is recommended by the National Medicinal Plants<br/>Policy in order to recognize, guide and value the use of medicinal plants.<br/><br/>Key words: e-SUS, herbal medicine, medicinal plants, pharmacovigilance, public health, self medication.<br/><br/><br/><br/><br/>Resumo<br/><br/>O e-SUS é um software que instrumentaliza o processo de trabalho em saúde no Brasil. Dentre os dados de<br/>cadastro da população há o registro do uso de plantas medicinais na Atenção Básica (AB) à saúde. O objetivo do<br/>trabalho foi analisar esses registros no e-SUS em uma Unidade Básica de Saúde (UBS) no Vale do Jequitinhonha<br/>e realizar uma pesquisa com pessoas da mesma UBS que responderam sobre o uso de plantas medicinais. A<br/>hipótese do estudo é que embora o registro seja relevante, os dados gerados pelo software subestimam a realidade.<br/>Na pesquisa realizada com 77 usuários de uma UBS, selecionados de forma randomizada, 93,5% declararam<br/>fazer uso de plantas medicinais, enquanto nos relatórios do e-SUS apenas 0,8% dos indivíduos fazem este uso na<br/>mesma UBS. Portanto, os dados registrados ainda não podem ser utilizados para desenvolvimento de políticas<br/>de plantas medicinais na AB. O registro confiável do uso de plantas medicinais no e-SUS ainda é um desafio.<br/>É importante conscientizar os profissionais dos benefícios do preenchimento correto dos formulários para o<br/>desenvolvimento de políticas públicas que incluam o que é preconizado na Política Nacional de Plantas Medicinais<br/>visando reconhecer, orientar e valorizar o uso de plantas medicinais.<br/><br/>Palavras-chave: e-SUS, medicina herbal, plantas medicinais, farmacovigilância, saúde coletiva, automedicação.
650 ## - ASSUNTO - THESAGRO
Cabeçalho tópico ou nome geográfico SAÚDE PÚBLICA
650 ## - ASSUNTO - THESAGRO
Cabeçalho tópico ou nome geográfico PLANTA MEDICINAL
650 ## - ASSUNTO - THESAGRO
Cabeçalho tópico ou nome geográfico FARMÁCIA
650 ## - ASSUNTO - THESAGRO
Cabeçalho tópico ou nome geográfico MEDICAMENTO
773 0# - ENTRADA ANALÍTICA
Host Biblionumber 709
Registro do item 353216
Imprenta Rio de Janeiro-RJ Jardim Botanico do Rio de Janeiro 1935
Outro identificador 2025-4473
Título Rodriguésia (Brazil)
ISSN 0370-6583; 2175-7860 on-line
Colação v. 71 p. 1-7; (2020)
Número de controle de registro BR2025001717
856 ## - ACESSO E ENDEREÇO ELETRÔNICO
Identificador uniforme de recurso - URI https://www.scielo.br/j/rod/a/DnpRQScpF6grcH3jyR5f5Lw/?format=pdf&lang=en

Nenhum exemplar disponível.

BINAGRI

Telefone: (61)3218-2567/2388/3357/2097 - binagri@agro.gov.br

Ministério da Agricultura e Pecuária , Esplanada dos Ministérios, Bloco D, Anexo B, Brasília/DF, CEP: 70.043-900